000 00803nam a2200265Ia 4500
003 OSt
005 20221007125448.0
006 a|||||r|||| 00| 0
007 ta
008 221006b |||||||| |||| 00| 0 eng d
020 _a3527306307 (hbd)
024 _a1650
037 _cTextual
040 _aCDL
_cCDL
_beng
041 _2eng
_aeng
082 _aE5:4, P3 Carc
100 _aBuchmeiser Michael R. Ed.
_9721973
245 0 _aPolymeric materials in organic synthesis and catalysis
260 _aWeinheim
_bWiley-VCH Verlag and Co
_c2003
300 _axxiii, 559p.
_ccm.
500 _aIncludes bibliographical references; Index 549-559p
650 _aOrganic Synthesis
942 _hE5:4, P3 Carc
_cTEXL
_2CC
999 _c1215321
_d1215321